=LDR 00000nam 2200000 4500 =001 INLIS000000000028888 =005 20130612131148 =008 ***********************************Ind** =035 ##$$0010-061300000028888 =041 ##$$a Ind =090 ##$$a F.Rom.D, Kar t =100 ##$$a Karmila, Mira =245 ##$$a Tumbal persembahan perawan, Mira Karmila =260 ##$$a 1996 $b Jakarta =300 ##$$a 160 hlm, 16 cm =650 ##$$a Fiksi Dewasa =850 ##$$a NBPNMAT